Countries where the Capital is not the largest city - Statistics

General Stats
  • This quiz has been taken 11 times
  • The average score is 21 of 37
Answer Stats
Answer % Correct
Brazil
100%
USA
100%
Canada
90%
China
90%
India
90%
Pakistan
90%
South Africa
90%
New Zealand
80%
Sri Lanka
80%
Vietnam
80%
Australia
70%
Morocco
70%
Switzerland
70%
Turkey
70%
Nigeria
60%
Tanzania
60%
UAE
60%
Belize
50%
Bolivia
50%
Kazakhstan
50%
Myanmar
50%
Syria
50%
Benin
40%
Ecuador
40%
Liechtenstein
40%
San Marino
40%
Sudan
40%
Cameroon
30%
Cote d'Ivoire
30%
Malta
30%
Monaco
30%
Palau
30%
Philippines
30%
Taiwan
30%
Malawi
20%
Micronesia
20%
Trinidad and Tobago
20%
No matching quizzes found
Score Distribution
Percent of People with Each Score
Percentile by Number Answered
Your Score History
You have not taken this quiz